Manažment zmien v softvérových projektoch

Saved in:
Bibliographic Details
Main Author: Tomcsányiová, Jana (Author)
Other Authors: Rástočný, Karol (Thesis advisor)
Format: Manuscript Book
Language:Slovak
Published: 2019
Subjects:
Online Access:http://is.stuba.sk/zp/portal_zp.pl?podrobnosti=145575
Tags: Add Tag
No Tags, Be the first to tag this record!

MARC

LEADER 00000ntm a22000003a 4500
001 stuzp75037
003 SK-STU
005 20200609145543.4
007 ta
008 150427s2015----xo-----f-mn---000-0-slo-d
040 |a STU  |b slo 
041 0 |a slo 
044 |a xo 
100 1 |a Tomcsányiová, Jana  |u 070200  |k Z4  |4 aut  |U FIIT Fakulta informatiky a informačných technológií  |T FIIT Ústav informatiky, informačných systémov a softvérového inžinierstva  |X 74281  |U I200  |Y 179  |7 74281 
242 0 1 |a Change management in software projects  |y eng 
245 1 0 |a Manažment zmien v softvérových projektoch 
260 |c 2019 
650 4 |a manažment zmien  |2 slo 
650 7 |2 slo  |a softvérový manažment 
650 4 |a softvérový projekt  |2 slo 
650 4 |a change  |2 eng 
650 4 |a management  |2 eng 
650 4 |a software  |2 eng 
650 4 |a project  |2 eng 
700 1 |a Rástočný, Karol  |u 070200  |k Z1  |4 ths  |U FIIT Fakulta informatiky a informačných technológií  |T FIIT Ústav informatiky, informačných systémov a softvérového inžinierstva  |X 36279  |U I200  |Y 179  |7 36279 
856 4 |u http://is.stuba.sk/zp/portal_zp.pl?podrobnosti=145575 
996 |c I*DP52/19  |l II680  |s P  |a 0  |w stuzp75037_0001